La verdad del cuerpo negro (notice n° 2036499)
[ vue normale ]
| 000 -LEADER | |
|---|---|
| fixed length control field | 00737cam a2200157 4500500 |
| 005 - DATE AND TIME OF LATEST TRANSACTION | |
| control field | 20260405000355.0 |
| 041 ## - LANGUAGE CODE | |
| Language code of text/sound track or separate title | fre |
| 042 ## - AUTHENTICATION CODE | |
| Authentication code | dc |
| 100 10 - MAIN ENTRY--PERSONAL NAME | |
| Personal name | Fonkoua, Romuald |
| Relator term | author |
| 245 00 - TITLE STATEMENT | |
| Title | La verdad del cuerpo negro |
| 260 ## - PUBLICATION, DISTRIBUTION, ETC. | |
| Date of publication, distribution, etc. | 2026.<br/> |
| 500 ## - GENERAL NOTE | |
| General note | 11 |
| 520 ## - SUMMARY, ETC. | |
| Summary, etc. | Más que la psicocrítica de los relatos de los colonizados y la «gramática de la decolonialidad», la poesía de la negritud es para Fanon la expresión de una lucha incesante del colonizado por comprender el cuerpo negro, dar cuenta de su verdad imprevisible y liberarse. |
| 786 0# - DATA SOURCE ENTRY | |
| Note | Esprit | Javier - Février | 1-2 | 2026-02-18 | p. 57-67 | 0014-0759 |
| 856 41 - ELECTRONIC LOCATION AND ACCESS | |
| Uniform Resource Identifier | <a href="https://shs.cairn.info/revista-esprit-2026-1-2-page-57?lang=es&redirect-ssocas=7080">https://shs.cairn.info/revista-esprit-2026-1-2-page-57?lang=es&redirect-ssocas=7080</a> |
Pas d'exemplaire disponible.




Réseaux sociaux